Seekers / (Record no. 3369)
[ view plain ]
| 000 -LEADER | |
|---|---|
| fixed length control field | 00745nam a22002297a 4500 |
| 001 - CONTROL NUMBER | |
| control field | 3369 |
| 003 - CONTROL NUMBER IDENTIFIER | |
| control field | FISKH |
| 005 - DATE AND TIME OF LATEST TRANSACTION | |
| control field | 20240229135859.0 |
| 008 - FIXED-LENGTH DATA ELEMENTS--GENERAL INFORMATION | |
| fixed length control field | 240229b cb ||||| |||| 00| 0 eng d |
| 040 ## - CATALOGING SOURCE | |
| Original cataloging agency | FISK |
| Language of cataloging | eng |
| Transcribing agency | FISK |
| Modifying agency | FISK |
| 050 ## - LIBRARY OF CONGRESS CALL NUMBER | |
| Classification number | PZ7.H916625 |
| 082 ## - DEWEY DECIMAL CLASSIFICATION NUMBER | |
| Classification number | 813.6 |
| 245 ## - TITLE STATEMENT | |
| Title | Seekers / |
| Statement of responsibility, etc. | Hunter Erin |
| 260 ## - PUBLICATION, DISTRIBUTION, ETC. | |
| Place of publication, distribution, etc. | New York : |
| Name of publisher, distributor, etc. | Hunter Erin, |
| Date of publication, distribution, etc. | 2009 |
| 300 ## - PHYSICAL DESCRIPTION | |
| Extent | 293 pages : |
| Other physical details | illustrations, |
| Dimensions | 20 cm |
| 501 ## - WITH NOTE | |
| With note | O |
| 520 ## - SUMMARY, ETC. | |
| Summary, etc. | Three young bears of different species--one black, one polar, and one grizzly--travel on a perilous quest to the Northern Lights, escorting a shape-shifting grizzly cub whose destiny will affect them all. |
| 521 8# - TARGET AUDIENCE NOTE | |
| Target audience note | 840 |
| Source | O |
| 700 ## - ADDED ENTRY--PERSONAL NAME | |
| Personal name | Erin Hunter |
| 942 ## - ADDED ENTRY ELEMENTS (KOHA) | |
| Source of classification or shelving scheme | Dewey Decimal Classification |
| Koha item type | Books |
| Suppress in OPAC | No |
| Withdrawn status | Lost status | Source of classification or shelving scheme | Damaged status | Not for loan | Collection | Home library | Current library | Shelving location | Date acquired | Total Checkouts | Full call number | Barcode | Date last seen | Copy number | Price effective from | Koha item type |
|---|---|---|---|---|---|---|---|---|---|---|---|---|---|---|---|---|
| Dewey Decimal Classification | Fiction | Footprints International School Library Network Toul Kork Campus | Footprints International School Library Network Toul Kork Campus | TTP Secondary Fiction Bookshelves | 02/29/2024 | HUN PZ7.H916625 813.6 | 2024-0147 | 02/29/2024 | 1 | 02/29/2024 | Books |
